[Event "DEM U10 2023"]
[Site "Willingen GER"]
[Date "2023.05.31"]
[Round "7"]
[White "Li, Yunqi"]
[Black "Zargaran, Sepas"]
[Result "1-0"]
[Termination "normal"]
[Board "5"]
[WhiteElo "1609"]
[BlackElo "1540"]
[WhiteClock "00:07:11"]
[BlackClock "00:30:52"]
[PlyCount "56"]
[WhiteFideId "34610618"]
[BlackFideId "34625275"]
[EventCountry "GER"]
[EventRounds "11"]
[EventType "swiss"]
[EventDate "2023.05.27"]

1. d4 {[%clk 01:15:57]} {[%emt 00:00:03]} Nf6 {[%clk 01:15:50]} {[%emt
00:00:10]} 2. Nf3 {[%clk 01:16:23]} {[%emt 00:00:05]} g6 {[%clk 01:16:06]}
{[%emt 00:00:13]} 3. Bg5 {[%clk 01:16:49]} {[%emt 00:00:04]} Bg7 {[%clk
01:16:21]} {[%emt 00:00:16]} 4. Nbd2 {[%clk 01:17:08]} {[%emt 00:00:11]} O-O
{[%clk 01:15:26]} {[%emt 00:01:25]} 5. e4 {[%clk 01:17:01]} {[%emt 00:00:37]}
d5 {[%clk 01:15:37]} {[%emt 00:00:19]} 6. e5 {[%clk 01:16:01]} {[%emt
00:01:30]} Ne4 {[%clk 01:15:26]} {[%emt 00:00:40]} 7. Bd3 {[%clk 01:13:42]}
{[%emt 00:02:49]} Nxd2 {[%clk 01:14:15]} {[%emt 00:01:41]} 8. Bxd2 {[%clk
01:12:41]} {[%emt 00:01:31]} Bg4 {[%clk 01:13:41]} {[%emt 00:01:04]} 9. h3
{[%clk 01:06:52]} {[%emt 00:06:19]} Bxf3 {[%clk 01:13:00]} {[%emt 00:01:12]}
10. gxf3 {[%clk 01:00:04]} {[%emt 00:07:18]} f6 {[%clk 01:12:06]} {[%emt
00:01:24]} 11. f4 {[%clk 00:58:09]} {[%emt 00:02:25]} c5 {[%clk 01:09:08]}
{[%emt 00:03:28]} 12. c3 {[%clk 00:56:02]} {[%emt 00:02:37]} cxd4 {[%clk
01:09:01]} {[%emt 00:00:37]} 13. cxd4 {[%clk 00:54:17]} {[%emt 00:02:15]} Nc6
{[%clk 01:09:15]} {[%emt 00:00:16]} 14. Be3 {[%clk 00:50:40]} {[%emt 00:04:07]}
fxe5 {[%clk 01:08:27]} {[%emt 00:01:18]} 15. fxe5 {[%clk 00:47:32]} {[%emt
00:03:38]} e6 {[%clk 01:06:43]} {[%emt 00:02:13]} 16. Qg4 {[%clk 00:38:18]}
{[%emt 00:09:43]} Nb4 {[%clk 00:52:34]} {[%emt 00:14:39]} 17. Qxe6+ {[%clk
00:36:40]} {[%emt 00:02:09]} Kh8 {[%clk 00:52:30]} {[%emt 00:00:35]} 18. Bb1
{[%clk 00:35:27]} {[%emt 00:01:43]} Rc8 {[%clk 00:49:28]} {[%emt 00:03:27]} 19.
O-O {[%clk 00:28:21]} {[%emt 00:07:40]} Rc6 {[%clk 00:46:27]} {[%emt 00:03:32]}
20. Qg4 {[%clk 00:27:10]} {[%emt 00:01:39]} Nc2 {[%clk 00:42:55]} {[%emt
00:04:03]} 21. Bxc2 {[%clk 00:25:43]} {[%emt 00:01:58]} Rxc2 {[%clk 00:43:08]}
{[%emt 00:00:16]} 22. b4 {[%clk 00:19:33]} {[%emt 00:06:41]} Rc6 {[%clk
00:42:53]} {[%emt 00:00:40]} 23. Rfc1 {[%clk 00:14:28]} {[%emt 00:05:39]} Qc8
{[%clk 00:40:41]} {[%emt 00:02:37]} 24. Rxc6 {[%clk 00:11:28]} {[%emt
00:03:35]} Qxc6 {[%clk 00:37:02]} {[%emt 00:04:09]} 25. Rc1 {[%clk 00:08:42]}
{[%emt 00:03:17]} Qa4 {[%clk 00:35:02]} {[%emt 00:02:23]} 26. Rc7 {[%clk
00:08:11]} {[%emt 00:01:08]} Qxb4 {[%clk 00:33:17]} {[%emt 00:02:13]} 27. Qd7
{[%clk 00:08:15]} {[%emt 00:00:28]} Rg8 {[%clk 00:33:14]} {[%emt 00:00:29]} 28.
Bh6 {[%clk 00:07:11]} {[%emt 00:01:38]} Qf8 {[%clk 00:30:52]} {[%emt 00:02:52]}
1-0

[Event "DEM U10 2023"]
[Site "Willingen GER"]
[Date "2023.05.31"]
[Round "7"]
[White "Meitzner, Jonathan Franz"]
[Black "Menke, Raphael Wilhelm"]
[Result "0-1"]
[Termination "normal"]
[Board "6"]
[WhiteElo "1314"]
[BlackElo "1884"]
[WhiteClock "00:23:17"]
[BlackClock "00:41:55"]
[PlyCount "76"]
[WhiteFideId "34616110"]
[BlackFideId "34621008"]
[EventCountry "GER"]
[EventRounds "11"]
[EventType "swiss"]
[EventDate "2023.05.27"]

1. e4 {[%clk 01:15:54]} {[%emt 00:00:05]} e5 {[%clk 01:15:58]} {[%emt
00:00:04]} 2. Nf3 {[%clk 01:16:16]} {[%emt 00:00:07]} Nc6 {[%clk 01:16:22]}
{[%emt 00:00:05]} 3. Bc4 {[%clk 01:16:41]} {[%emt 00:00:06]} Nf6 {[%clk
01:16:37]} {[%emt 00:00:15]} 4. d4 {[%clk 01:16:51]} {[%emt 00:00:20]} exd4
{[%clk 01:16:56]} {[%emt 00:00:11]} 5. e5 {[%clk 01:16:55]} {[%emt 00:00:26]}
d5 {[%clk 01:17:08]} {[%emt 00:00:18]} 6. Bb5 {[%clk 01:17:12]} {[%emt
00:00:12]} Nd7 {[%clk 01:15:30]} {[%emt 00:02:06]} 7. O-O {[%clk 01:16:00]}
{[%emt 00:01:44]} Be7 {[%clk 01:13:57]} {[%emt 00:02:04]} 8. Bxc6 {[%clk
01:14:55]} {[%emt 00:01:34]} bxc6 {[%clk 01:10:55]} {[%emt 00:03:33]} 9. Nxd4
{[%clk 01:12:30]} {[%emt 00:02:54]} Nb8 {[%clk 01:09:56]} {[%emt 00:01:29]} 10.
Nc3 {[%clk 01:11:59]} {[%emt 00:01:02]} O-O {[%clk 01:08:44]} {[%emt 00:01:41]}
11. Qf3 {[%clk 01:11:21]} {[%emt 00:01:08]} a5 {[%clk 01:06:44]} {[%emt
00:02:31]} 12. a3 {[%clk 01:02:28]} {[%emt 00:09:23]} Ra6 {[%clk 01:01:46]}
{[%emt 00:05:29]} 13. Rd1 {[%clk 00:56:44]} {[%emt 00:06:13]} c5 {[%clk
00:57:59]} {[%emt 00:04:17]} 14. Nb3 {[%clk 00:54:19]} {[%emt 00:02:55]} d4
{[%clk 00:57:31]} {[%emt 00:00:58]} 15. Na4 {[%clk 00:48:26]} {[%emt 00:06:22]}
Rg6 {[%clk 00:54:38]} {[%emt 00:03:24]} 16. h3 {[%clk 00:42:15]} {[%emt
00:06:40]} Qd7 {[%clk 00:50:24]} {[%emt 00:04:44]} 17. Kh2 {[%clk 00:40:25]}
{[%emt 00:02:20]} Qxa4 {[%clk 00:49:53]} {[%emt 00:01:02]} 18. Rg1 {[%clk
00:34:16]} {[%emt 00:06:37]} Qb5 {[%clk 00:47:34]} {[%emt 00:02:45]} 19. a4
{[%clk 00:29:36]} {[%emt 00:05:15]} Qb6 {[%clk 00:47:36]} {[%emt 00:00:28]} 20.
Bd2 {[%clk 00:29:39]} {[%emt 00:00:28]} Nc6 {[%clk 00:47:40]} {[%emt 00:00:26]}
21. Rae1 {[%clk 00:28:19]} {[%emt 00:01:49]} Be6 {[%clk 00:47:05]} {[%emt
00:01:06]} 22. Nc1 {[%clk 00:27:55]} {[%emt 00:00:52]} Nb4 {[%clk 00:43:55]}
{[%emt 00:03:41]} 23. Bxb4 {[%clk 00:25:17]} {[%emt 00:03:09]} cxb4 {[%clk
00:44:02]} {[%emt 00:00:23]} 24. Qe4 {[%clk 00:24:18]} {[%emt 00:01:28]} Bd7
{[%clk 00:43:11]} {[%emt 00:01:21]} 25. b3 {[%clk 00:22:52]} {[%emt 00:01:57]}
c5 {[%clk 00:41:05]} {[%emt 00:02:36]} 26. f4 {[%clk 00:22:10]} {[%emt
00:01:11]} Qc6 {[%clk 00:41:00]} {[%emt 00:00:36]} 27. Qd3 {[%clk 00:22:01]}
{[%emt 00:00:36]} Bh4 {[%clk 00:40:24]} {[%emt 00:01:08]} 28. Re2 {[%clk
00:21:51]} {[%emt 00:00:40]} Bg3+ {[%clk 00:40:21]} {[%emt 00:00:33]} 29. Kh1
{[%clk 00:21:46]} {[%emt 00:00:34]} Bxh3 {[%clk 00:40:30]} {[%emt 00:00:22]}
30. Rf1 {[%clk 00:21:10]} {[%emt 00:01:06]} Bg4 {[%clk 00:39:57]} {[%emt
00:01:03]} 31. Rd2 {[%clk 00:20:48]} {[%emt 00:00:53]} Rh6+ {[%clk 00:40:04]}
{[%emt 00:00:23]} 32. Kg1 {[%clk 00:21:16]} {[%emt 00:00:01]} Bh2+ {[%clk
00:40:27]} {[%emt 00:00:07]} 33. Kf2 {[%clk 00:21:34]} {[%emt 00:00:13]} Bxf4
{[%clk 00:40:45]} {[%emt 00:00:12]} 34. Re2 {[%clk 00:21:40]} {[%emt 00:00:24]}
Bxe2 {[%clk 00:40:54]} {[%emt 00:00:21]} 35. Kxe2 {[%clk 00:22:06]} {[%emt
00:00:03]} Qxg2+ {[%clk 00:41:00]} {[%emt 00:00:24]} 36. Rf2 {[%clk 00:22:35]}
Qg4+ {[%clk 00:41:16]} {[%emt 00:00:16]} 37. Qf3 {[%clk 00:22:57]} {[%emt
00:00:08]} Qxf3+ {[%clk 00:41:31]} {[%emt 00:00:14]} 38. Rxf3 {[%clk 00:23:17]}
{[%emt 00:00:11]} Bxc1 {[%clk 00:41:55]} 0-1

[Event "DEM U10 2023"]
[Site "Willingen GER"]
[Date "2023.05.31"]
[Round "7"]
[White "Becker, Linus"]
[Black "Heins, Simon"]
[Result "0-1"]
[Termination "normal"]
[Board "7"]
[WhiteElo "1445"]
[BlackElo "1592"]
[WhiteClock "00:27:04"]
[BlackClock "01:09:40"]
[PlyCount "82"]
[WhiteFideId "34614958"]
[BlackFideId "34660194"]
[EventCountry "GER"]
[EventRounds "11"]
[EventType "swiss"]
[EventDate "2023.05.27"]

1. c4 {[%clk 01:15:56]} {[%emt 00:00:04]} e5 {[%clk 01:15:56]} {[%emt
00:00:04]} 2. g3 {[%clk 01:16:19]} {[%emt 00:00:07]} c6 {[%clk 01:16:19]}
{[%emt 00:00:07]} 3. d4 {[%clk 01:16:31]} {[%emt 00:00:18]} exd4 {[%clk
01:15:47]} {[%emt 00:01:03]} 4. Qxd4 {[%clk 01:16:51]} {[%emt 00:00:09]} d5
{[%clk 01:16:03]} {[%emt 00:00:14]} 5. cxd5 {[%clk 01:15:56]} {[%emt 00:01:25]}
cxd5 {[%clk 01:16:21]} {[%emt 00:00:12]} 6. Bg2 {[%clk 01:15:53]} {[%emt
00:00:33]} Be6 {[%clk 01:16:17]} {[%emt 00:00:34]} 7. Nc3 {[%clk 01:15:23]}
{[%emt 00:01:00]} Nc6 {[%clk 01:16:26]} {[%emt 00:00:21]} 8. Qd1 {[%clk
01:15:37]} {[%emt 00:00:16]} d4 {[%clk 01:15:52]} {[%emt 00:01:04]} 9. Ne4
{[%clk 01:08:35]} {[%emt 00:07:31]} Rc8 {[%clk 01:15:25]} {[%emt 00:00:58]} 10.
a3 {[%clk 01:06:47]} {[%emt 00:02:18]} Nf6 {[%clk 01:12:53]} {[%emt 00:03:02]}
11. Bg5 {[%clk 01:02:23]} {[%emt 00:04:53]} Be7 {[%clk 01:12:01]} {[%emt
00:01:23]} 12. Nxf6+ {[%clk 00:59:58]} {[%emt 00:02:54]} Bxf6 {[%clk 01:12:18]}
{[%emt 00:00:14]} 13. Bxf6 {[%clk 01:00:23]} {[%emt 00:00:05]} Qxf6 {[%clk
01:12:43]} {[%emt 00:00:05]} 14. Nf3 {[%clk 01:00:41]} {[%emt 00:00:13]} d3
{[%clk 01:12:40]} {[%emt 00:00:33]} 15. Qxd3 {[%clk 00:58:44]} {[%emt
00:02:25]} Qxb2 {[%clk 01:12:20]} {[%emt 00:00:50]} 16. Rb1 {[%clk 00:58:40]}
{[%emt 00:00:34]} Qf6 {[%clk 01:12:10]} {[%emt 00:00:41]} 17. Rxb7 {[%clk
00:53:09]} {[%emt 00:05:30]} O-O {[%clk 01:11:51]} {[%emt 00:01:20]} 18. O-O
{[%clk 00:52:17]} {[%emt 00:01:22]} Rfd8 {[%clk 01:12:09]} {[%emt 00:00:13]}
19. Qe3 {[%clk 00:50:11]} {[%emt 00:02:35]} a5 {[%clk 01:11:21]} {[%emt
00:01:18]} 20. Ng5 {[%clk 00:46:58]} {[%emt 00:03:42]} Nd4 {[%clk 01:10:29]}
{[%emt 00:01:24]} 21. Nxe6 {[%clk 00:46:29]} {[%emt 00:00:57]} Qxe6 {[%clk
01:10:10]} {[%emt 00:00:50]} 22. Qxe6 {[%clk 00:46:22]} {[%emt 00:00:37]} fxe6
{[%clk 01:10:31]} {[%emt 00:00:09]} 23. e3 {[%clk 00:46:34]} {[%emt 00:00:18]}
Ne2+ {[%clk 01:10:52]} {[%emt 00:00:10]} 24. Kh1 {[%clk 00:46:32]} {[%emt
00:00:32]} Rc3 {[%clk 01:10:52]} {[%emt 00:00:30]} 25. Ra1 {[%clk 00:42:25]}
{[%emt 00:04:33]} Rdd3 {[%clk 01:08:48]} {[%emt 00:02:37]} 26. Bf1 {[%clk
00:37:00]} {[%emt 00:05:54]} Rd2 {[%clk 01:07:57]} {[%emt 00:01:22]} 27. Bxe2
{[%clk 00:36:45]} {[%emt 00:00:45]} Rxe2 {[%clk 01:08:23]} {[%emt 00:00:05]}
28. Kg1 {[%clk 00:36:29]} {[%emt 00:00:45]} Rcc2 {[%clk 01:08:01]} {[%emt
00:00:52]} 29. Rf1 {[%clk 00:36:00]} {[%emt 00:00:59]} Ra2 {[%clk 01:08:00]}
{[%emt 00:00:32]} 30. Rb3 {[%clk 00:36:10]} {[%emt 00:00:20]} a4 {[%clk
01:08:20]} {[%emt 00:00:10]} 31. Rc3 {[%clk 00:35:37]} {[%emt 00:01:01]} Kf7
{[%clk 01:08:32]} {[%emt 00:00:19]} 32. Rd3 {[%clk 00:33:00]} {[%emt 00:03:07]}
Reb2 {[%clk 01:08:26]} {[%emt 00:00:36]} 33. Rc3 {[%clk 00:32:24]} {[%emt
00:01:06]} Rb3 {[%clk 01:07:48]} {[%emt 00:01:08]} 34. Rxb3 {[%clk 00:32:09]}
{[%emt 00:00:45]} axb3 {[%clk 01:08:12]} {[%emt 00:00:07]} 35. Rb1 {[%clk
00:32:18]} {[%emt 00:00:20]} Rxa3 {[%clk 01:08:16]} {[%emt 00:00:27]} 36. Kf1
{[%clk 00:31:33]} {[%emt 00:01:15]} Kf6 {[%clk 01:08:32]} {[%emt 00:00:14]} 37.
Rb2 {[%clk 00:29:28]} {[%emt 00:02:35]} Kf5 {[%clk 01:08:37]} {[%emt 00:00:24]}
38. f3 {[%clk 00:28:41]} {[%emt 00:01:17]} Ra1+ {[%clk 01:08:56]} {[%emt
00:00:12]} 39. Ke2 {[%clk 00:26:38]} {[%emt 00:02:32]} Ra2 {[%clk 01:09:12]}
{[%emt 00:00:14]} 40. Rd2 {[%clk 00:27:03]} {[%emt 00:00:06]} b2 {[%clk
01:09:23]} {[%emt 00:00:19]} 41. g4+ {[%clk 00:27:04]} {[%emt 00:00:29]} Kg6
{[%clk 01:09:40]} 0-1

[Event "DEM U10 2023"]
[Site "Willingen GER"]
[Date "2023.05.31"]
[Round "7"]
[White "Hoppe, Arthur"]
[Black "Retzlaff, Nick"]
[Result "1/2-1/2"]
[Termination "normal"]
[Board "8"]
[WhiteElo "1430"]
[BlackElo "1523"]
[WhiteClock "01:07:07"]
[BlackClock "00:46:25"]
[PlyCount "80"]
[WhiteFideId "34618910"]
[BlackFideId "34610367"]
[EventCountry "GER"]
[EventRounds "11"]
[EventType "swiss"]
[EventDate "2023.05.27"]

1. d4 {[%clk 01:15:57]} {[%emt 00:00:02]} Nf6 {[%clk 01:15:14]} {[%emt
00:00:46]} 2. Nf3 {[%clk 01:15:28]} {[%emt 00:00:59]} e6 {[%clk 01:15:18]}
{[%emt 00:00:26]} 3. c4 {[%clk 01:15:51]} {[%emt 00:00:07]} d5 {[%clk
01:14:39]} {[%emt 00:01:08]} 4. e3 {[%clk 01:16:05]} {[%emt 00:00:17]} c5
{[%clk 01:14:33]} {[%emt 00:00:36]} 5. Nc3 {[%clk 01:16:22]} {[%emt 00:00:12]}
Nc6 {[%clk 01:14:25]} {[%emt 00:00:38]} 6. cxd5 {[%clk 01:16:46]} {[%emt
00:00:07]} exd5 {[%clk 01:14:13]} {[%emt 00:00:42]} 7. Bb5 {[%clk 01:17:03]}
{[%emt 00:00:12]} Qd6 {[%clk 01:08:15]} {[%emt 00:06:28]} 8. O-O {[%clk
01:12:53]} {[%emt 00:04:39]} Bg4 {[%clk 01:04:39]} {[%emt 00:04:08]} 9. h3
{[%clk 01:10:35]} {[%emt 00:02:49]} Bh5 {[%clk 01:03:59]} {[%emt 00:01:09]} 10.
Be2 {[%clk 01:10:25]} {[%emt 00:00:40]} cxd4 {[%clk 01:01:52]} {[%emt
00:02:37]} 11. Nxd4 {[%clk 01:06:47]} {[%emt 00:04:08]} Bxe2 {[%clk 01:00:58]}
{[%emt 00:01:23]} 12. Qxe2 {[%clk 01:06:05]} {[%emt 00:01:13]} Nxd4 {[%clk
01:00:55]} {[%emt 00:00:32]} 13. exd4+ {[%clk 01:06:30]} {[%emt 00:00:06]} Be7
{[%clk 00:58:45]} {[%emt 00:02:40]} 14. Re1 {[%clk 01:06:54]} {[%emt 00:00:06]}
a6 {[%clk 00:55:39]} {[%emt 00:03:36]} 15. Bf4 {[%clk 01:05:17]} {[%emt
00:02:06]} Qd7 {[%clk 00:52:46]} {[%emt 00:03:24]} 16. Bg5 {[%clk 01:05:23]}
{[%emt 00:00:24]} Kf8 {[%clk 00:52:22]} {[%emt 00:00:54]} 17. Qxe7+ {[%clk
01:03:37]} {[%emt 00:02:16]} Qxe7 {[%clk 00:51:36]} {[%emt 00:01:15]} 18. Rxe7
{[%clk 01:04:03]} {[%emt 00:00:05]} Kxe7 {[%clk 00:51:46]} {[%emt 00:00:20]}
19. Nxd5+ {[%clk 01:04:29]} {[%emt 00:00:04]} Kd6 {[%clk 00:51:35]} {[%emt
00:00:42]} 20. Nxf6 {[%clk 01:04:49]} {[%emt 00:00:08]} gxf6 {[%clk 00:51:55]}
{[%emt 00:00:10]} 21. Bxf6 {[%clk 01:05:15]} {[%emt 00:00:04]} Rhe8 {[%clk
00:51:06]} {[%emt 00:01:18]} 22. Be5+ {[%clk 01:05:36]} {[%emt 00:00:11]} Kd7
{[%clk 00:51:02]} {[%emt 00:00:34]} 23. Rd1 {[%clk 01:03:28]} {[%emt 00:02:37]}
Rac8 {[%clk 00:50:57]} {[%emt 00:00:35]} 24. Rd2 {[%clk 01:03:55]} {[%emt
00:00:04]} Rc1+ {[%clk 00:50:12]} {[%emt 00:01:14]} 25. Kh2 {[%clk 01:04:20]}
{[%emt 00:00:05]} Rec8 {[%clk 00:50:31]} {[%emt 00:00:12]} 26. Kg3 {[%clk
01:04:10]} {[%emt 00:00:40]} Ke6 {[%clk 00:49:30]} {[%emt 00:01:31]} 27. f4
{[%clk 01:03:21]} {[%emt 00:01:20]} R8c2 {[%clk 00:49:35]} {[%emt 00:00:24]}
28. Rxc2 {[%clk 01:03:45]} {[%emt 00:00:06]} Rxc2 {[%clk 00:49:54]} {[%emt
00:00:12]} 29. a3 {[%clk 01:03:11]} {[%emt 00:01:03]} f6 {[%clk 00:50:01]}
{[%emt 00:00:22]} 30. d5+ {[%clk 01:03:39]} {[%emt 00:00:03]} Ke7 {[%clk
00:49:12]} {[%emt 00:01:18]} 31. Bc3 {[%clk 01:04:01]} {[%emt 00:00:09]} f5
{[%clk 00:49:14]} {[%emt 00:00:28]} 32. Kf3 {[%clk 01:04:25]} {[%emt 00:00:06]}
h5 {[%clk 00:49:10]} {[%emt 00:00:34]} 33. g4 {[%clk 01:04:42]} {[%emt
00:00:13]} fxg4+ {[%clk 00:49:06]} {[%emt 00:00:34]} 34. hxg4 {[%clk 01:05:07]}
{[%emt 00:00:04]} h4 {[%clk 00:49:21]} {[%emt 00:00:16]} 35. Bb4+ {[%clk
01:05:26]} {[%emt 00:00:11]} Kd7 {[%clk 00:48:59]} {[%emt 00:00:52]} 36. Be1
{[%clk 01:05:40]} {[%emt 00:00:16]} h3 {[%clk 00:49:18]} {[%emt 00:00:10]} 37.
Bg3 {[%clk 01:06:04]} {[%emt 00:00:07]} h2 {[%clk 00:49:18]} {[%emt 00:00:30]}
38. Bxh2 {[%clk 01:06:27]} {[%emt 00:00:07]} Rxh2 {[%clk 00:49:40]} {[%emt
00:00:08]} 39. g5 {[%clk 01:06:50]} {[%emt 00:00:07]} Rxb2 {[%clk 00:49:32]}
{[%emt 00:00:38]} 40. f5 {[%clk 01:07:07]} {[%emt 00:00:14]} Ke7 {[%clk
00:46:25]} {[%emt 00:03:37]} 1/2-1/2

[Event "DEM U10 2023"]
[Site "Willingen GER"]
[Date "2023.05.31"]
[Round "7"]
[White "Naumann, Lennart"]
[Black "Chua, Daniel James"]
[Result "1/2-1/2"]
[Termination "normal"]
[Board "9"]
[WhiteElo "1537"]
[BlackElo "1433"]
[WhiteClock "00:35:57"]
[BlackClock "00:33:00"]
[PlyCount "63"]
[WhiteFideId "34644830"]
[BlackFideId "34608354"]
[EventCountry "GER"]
[EventRounds "11"]
[EventType "swiss"]
[EventDate "2023.05.27"]

1. e4 {[%clk 01:15:34]} {[%emt 00:00:24]} e5 {[%clk 01:16:00]} {[%emt
00:00:03]} 2. Nf3 {[%clk 01:15:28]} {[%emt 00:00:35]} Nc6 {[%clk 01:16:29]}
{[%emt 00:00:02]} 3. d4 {[%clk 01:14:59]} {[%emt 00:00:58]} exd4 {[%clk
01:16:40]} {[%emt 00:00:20]} 4. Bc4 {[%clk 01:14:51]} {[%emt 00:00:37]} Bc5
{[%clk 01:16:58]} {[%emt 00:00:12]} 5. c3 {[%clk 01:14:28]} {[%emt 00:00:52]}
Nf6 {[%clk 01:17:25]} {[%emt 00:00:04]} 6. cxd4 {[%clk 01:14:17]} {[%emt
00:00:40]} Bb4+ {[%clk 01:17:50]} {[%emt 00:00:07]} 7. Bd2 {[%clk 01:13:05]}
{[%emt 00:01:41]} Nxe4 {[%clk 01:18:00]} {[%emt 00:00:20]} 8. Bxb4 {[%clk
01:13:12]} {[%emt 00:00:24]} Nxb4 {[%clk 01:18:26]} {[%emt 00:00:04]} 9. Bxf7+
{[%clk 01:12:58]} {[%emt 00:00:43]} Kxf7 {[%clk 01:18:52]} {[%emt 00:00:04]}
10. Qb3+ {[%clk 01:13:06]} {[%emt 00:00:21]} Kf8 {[%clk 01:19:13]} {[%emt
00:00:10]} 11. Qxb4+ {[%clk 01:13:09]} {[%emt 00:00:27]} Qe7 {[%clk 01:19:36]}
{[%emt 00:00:07]} 12. Qxe7+ {[%clk 01:12:50]} {[%emt 00:00:49]} Kxe7 {[%clk
01:20:04]} {[%emt 00:00:02]} 13. O-O {[%clk 01:12:56]} {[%emt 00:00:24]} Re8
{[%clk 01:20:09]} {[%emt 00:00:25]} 14. Re1 {[%clk 01:09:58]} {[%emt 00:03:27]}
Kf8 {[%clk 01:18:16]} {[%emt 00:02:23]} 15. Nfd2 {[%clk 01:09:42]} {[%emt
00:00:47]} Nxd2 {[%clk 01:16:56]} {[%emt 00:01:50]} 16. Rxe8+ {[%clk 01:09:06]}
{[%emt 00:01:05]} Kxe8 {[%clk 01:17:25]} {[%emt 00:00:03]} 17. Nxd2 {[%clk
01:08:23]} {[%emt 00:01:12]} d6 {[%clk 01:15:57]} {[%emt 00:01:58]} 18. Re1+
{[%clk 01:06:44]} {[%emt 00:02:09]} Kf7 {[%clk 01:15:02]} {[%emt 00:01:24]} 19.
f3 {[%clk 01:04:56]} {[%emt 00:02:18]} Bd7 {[%clk 01:15:07]} {[%emt 00:00:23]}
20. b3 {[%clk 01:02:09]} {[%emt 00:03:19]} Re8 {[%clk 01:14:55]} {[%emt
00:00:43]} 21. Rc1 {[%clk 00:59:57]} {[%emt 00:02:42]} c6 {[%clk 01:11:34]}
{[%emt 00:03:51]} 22. Nc4 {[%clk 00:57:23]} {[%emt 00:03:03]} Ke6 {[%clk
01:01:07]} {[%emt 00:10:54]} 23. Na5 {[%clk 00:49:51]} {[%emt 00:08:04]} Rb8
{[%clk 01:00:58]} {[%emt 00:00:40]} 24. Nc4 {[%clk 00:48:14]} {[%emt 00:02:08]}
Kd5 {[%clk 00:59:21]} {[%emt 00:01:59]} 25. Rd1 {[%clk 00:47:43]} {[%emt
00:01:07]} Re8 {[%clk 00:43:09]} {[%emt 00:16:43]} 26. Kf2 {[%clk 00:47:58]}
{[%emt 00:00:14]} Re7 {[%clk 00:39:54]} {[%emt 00:03:44]} 27. Ne3+ {[%clk
00:47:38]} {[%emt 00:00:52]} Ke6 {[%clk 00:37:34]} {[%emt 00:02:52]} 28. d5+
{[%clk 00:45:19]} {[%emt 00:02:48]} cxd5 {[%clk 00:37:24]} {[%emt 00:00:38]}
29. Nxd5 {[%clk 00:41:41]} {[%emt 00:04:11]} Rf7 {[%clk 00:34:08]} {[%emt
00:03:44]} 30. Nc3 {[%clk 00:39:54]} {[%emt 00:02:16]} Bc6 {[%clk 00:33:32]}
{[%emt 00:01:05]} 31. b4 {[%clk 00:39:10]} {[%emt 00:01:16]} b6 {[%clk
00:33:00]} {[%emt 00:01:03]} 32. Re1+ {[%clk 00:35:57]} {[%emt 00:03:42]}
1/2-1/2